<?xml version="1.0" encoding="UTF-8"?>
<record
    xmlns:xsi="http://www.w3.org/2001/XMLSchema-instance"
    xsi:schemaLocation="http://www.loc.gov/MARC21/slim http://www.loc.gov/standards/marcxml/schema/MARC21slim.xsd"
    xmlns="http://www.loc.gov/MARC21/slim">

  <leader>02064nam a22002057a 4500</leader>
  <datafield tag="999" ind1=" " ind2=" ">
    <subfield code="c">358250</subfield>
    <subfield code="d">358250</subfield>
  </datafield>
  <controlfield tag="003">IT-MiCISF</controlfield>
  <controlfield tag="005">20190416115448.0</controlfield>
  <controlfield tag="008">190416b           ||||| |||| 00| 0 eng d</controlfield>
  <datafield tag="040" ind1=" " ind2=" ">
    <subfield code="c">IT-MiCISF</subfield>
  </datafield>
  <datafield tag="041" ind1=" " ind2=" ">
    <subfield code="a">it</subfield>
  </datafield>
  <datafield tag="100" ind1=" " ind2=" ">
    <subfield code="a">Mattson Daniel C.</subfield>
    <subfield code="9">57807</subfield>
  </datafield>
  <datafield tag="245" ind1=" " ind2=" ">
    <subfield code="a">Perch&#xE8; non mi definisco gay</subfield>
    <subfield code="b">Come mi sono riappropriato della mia realt&#xE0; sessuale e ho trovato la pace</subfield>
  </datafield>
  <datafield tag="260" ind1=" " ind2=" ">
    <subfield code="a">Siena</subfield>
    <subfield code="b">Cantagalli</subfield>
    <subfield code="c">2018</subfield>
  </datafield>
  <datafield tag="300" ind1=" " ind2=" ">
    <subfield code="a">pp. 347</subfield>
  </datafield>
  <datafield tag="500" ind1=" " ind2=" ">
    <subfield code="a">omosessualit&#xE0;, fede, chiesa, esperienze</subfield>
  </datafield>
  <datafield tag="520" ind1=" " ind2=" ">
    <subfield code="a">Daniel un tempo credeva di "essere gay". Nato e cresciuto nel Michigan, in una famiglia cristiana, &#xE8; sempre stato consapevole, fin dall'et&#xE0; di sei anni, della sua attrazione per gli uomini. Per anni ha vissuto in una costante tensione tra la fede in Dio e le sue attrazioni sessuali. Ma il conflitto tra i suoi desideri e gli insegnamenti della Chiesa era troppo forte, cos&#xEC; ne dedusse di "essere gay" e inizi&#xF2; una relazione con un uomo. Eppure libert&#xE0; e felicit&#xE0; continuavano a sfuggirgli. Quelli del liceo sono anni di dubbi, di pianti, di sofferenza. &#xC8; giusto definire l'identit&#xE0; di una persona solo in base alle sue preferenze sessuali? Etichettarsi come fossimo soltanto un prodotto delle nostre attrazioni sessuali? &#xC8; corretto "definirsi gay"? Per anni, questa etichetta &#xE8; stata per Dan la sua prigione. Prenderne consapevolezza lo ha reso finalmente un uomo libero: libero di accettare la sua omosessualit&#xE0; e non per questo sentirsi in colpa; libero di rifiutare di definire se stesso in modo riduttivo. Perch&#xE9; oltre la nostra sessualit&#xE0;, oltre ogni ideologia, esiste una verit&#xE0; sull'identit&#xE0; di ciascuno di noi: siamo fatti a immagine di chi ci ha creati, di chi ci ha amato e ci ama da sempre cos&#xEC; come siamo. Una biografia sincera, in cui Mattson ci racconta il suo viaggio di andata e ritorno dall'identit&#xE0; gay e di come oggi ha finalmente ritrovato la serenit&#xE0;. Ma pi&#xF9; di ogni altra cosa, la sua libert&#xE0;. Prefazione del cardinale Roberto Sarah.</subfield>
  </datafield>
  <datafield tag="650" ind1=" " ind2=" ">
    <subfield code="a">sessualit&#xE0;</subfield>
    <subfield code="9">56091</subfield>
  </datafield>
  <datafield tag="654" ind1=" " ind2=" ">
    <subfield code="a">saggio</subfield>
  </datafield>
  <datafield tag="942" ind1=" " ind2=" ">
    <subfield code="2">ddc</subfield>
    <subfield code="c">BK</subfield>
  </datafield>
  <datafield tag="952" ind1=" " ind2=" ">
    <subfield code="0">0</subfield>
    <subfield code="1">0</subfield>
    <subfield code="2">ddc</subfield>
    <subfield code="4">0</subfield>
    <subfield code="6">B_7517_000000000000000</subfield>
    <subfield code="7">1</subfield>
    <subfield code="a">CISF</subfield>
    <subfield code="b">CISF</subfield>
    <subfield code="d">2019-04-16</subfield>
    <subfield code="l">0</subfield>
    <subfield code="o">b7517</subfield>
    <subfield code="p">9788868795498</subfield>
    <subfield code="r">2019-04-16 00:00:00</subfield>
    <subfield code="w">2019-04-16</subfield>
    <subfield code="y">BK</subfield>
  </datafield>
</record>
